FUNDAMENTALS OF MANUFACTURING FOR ENGINEERS (Registro nro. 58710)
[ vista simple ]
| 000 -LEADER | |
|---|---|
| fixed length control field | 00845nam a2200193 a 4500 |
| 001 - CONTROL NUMBER | |
| control field | 58710 |
| 005 - DATE AND TIME OF LATEST TRANSACTION | |
| control field | 20180714055416.0 |
| 008 - FIXED-LENGTH DATA ELEMENTS--GENERAL INFORMATION | |
| fixed length control field | 140415s2001 xxu 000 0 eng d |
| 020 ## - INTERNATIONAL STANDARD BOOK NUMBER | |
| International Standard Book Number | 1857283384 |
| 041 ## - LANGUAGE CODE | |
| Language code of text/sound track or separate title | eng |
| 082 ## - DEWEY DECIMAL CLASSIFICATION NUMBER | |
| Classification number | 670 |
| Item number | WAT |
| 100 1# - MAIN ENTRY--PERSONAL NAME | |
| Personal name | WATERS, T. FRED |
| 245 10 - TITLE STATEMENT | |
| Title | FUNDAMENTALS OF MANUFACTURING FOR ENGINEERS |
| 250 ## - EDITION STATEMENT | |
| Edition statement | 1a ed. |
| 260 ## - PUBLICATION, DISTRIBUTION, ETC. | |
| Place of publication, distribution, etc. | ESTADOS UNIDOS DE AMERICA : |
| Name of publisher, distributor, etc. | TAYLOR AND FRANCIS GROUP, |
| Date of publication, distribution, etc. | 2001 |
| 300 ## - PHYSICAL DESCRIPTION | |
| Extent | 321 |
| Dimensions | 19.2 x 1.8 x 24.7 |
| 520 ## - SUMMARY, ETC. | |
| Summary, etc. | THIS CLEAR AND PRACTICAL TEXTBOOK WILL PROVIDE AN AUTHORITATIVE AND STIMULATING FIRST COURSE ON MANUFACTURING PROCESSES FOR ENGINEERS IN HIGH EDUCATION. IT IS PACKED WITH ILLUSTRATIONS, CASE STUDIES AND EXERCISES, RELATING THE MATERIAL DIRECTLY TO MODERN INDUSTRIAL PRACTICES. |
| 650 14 - SUBJECT ADDED ENTRY--TOPICAL TERM | |
| Topical term or geographic name entry element | INGENIERIA DE LA PRODUCCION |
| General subdivision | PROCESOS DE MANUFACTURACION |
| Withdrawn status | Lost status | Source of classification or shelving scheme | Damaged status | Not for loan | Collection code | Home library | Current library | Shelving location | Date acquired | Source of acquisition | Inventory number | Total Checkouts | Full call number | Barcode | Date last seen | Date last checked out | Price effective from | Koha item type |
|---|---|---|---|---|---|---|---|---|---|---|---|---|---|---|---|---|---|---|
| Dewey Decimal Classification | General | Biblioteca Karol Wojtyla | Biblioteca Karol Wojtyla | Sala general | 03/12/2013 | Compra | 151000000000000000031112 | 670 WAT | 88829 | 05/01/2026 | 23/03/2018 | 03/12/2013 | Libro | |||||
| Dewey Decimal Classification | General | Biblioteca Karol Wojtyla | Biblioteca Karol Wojtyla | Sala general | 03/12/2013 | Compra | 151000000000000000031111 | 1 | 670 WAT | 88828 | 05/01/2026 | 23/11/2018 | 03/12/2013 | Libro | ||||
| Dewey Decimal Classification | General | Biblioteca Karol Wojtyla | Biblioteca Karol Wojtyla | Sala general | 03/12/2013 | Compra | 151000000000000000031110 | 670 WAT | 88827 | 05/01/2026 | 03/12/2013 | Libro |